Čistenie komunálnych odpadových vôd

Dňa 5. novembra 2024 Rada Európskej únie hlasovala o návrhu smernice Európskeho parlamentu a Rady o čistení komunálnych odpadových vôd (prepracované znenie), rozobratom v článku.

Gespeichert in:
Bibliographische Detailangaben
1. Verfasser: Šimurka, Peter
Format: Buchkapitel
Sprache:Slowakisch
Schlagworte:
Tags: Tag hinzufügen
Keine Tags, Fügen Sie das erste Tag hinzu!

MARC

LEADER 00000naa a2200000 4500
001 0306037
005 20250110090751.7
041 0 |a slo 
044 |a SK 
245 1 0 |a Čistenie komunálnych odpadových vôd  |c Peter Šimurka 
520 |a Dňa 5. novembra 2024 Rada Európskej únie hlasovala o návrhu smernice Európskeho parlamentu a Rady o čistení komunálnych odpadových vôd (prepracované znenie), rozobratom v článku. 
610 2 0 |a právo 
610 2 0 |a legislatíva 
610 2 0 |a zákony 
610 2 0 |a voda 
610 2 0 |a vodárenstvo 
610 2 0 |a voda odpadová 
610 2 0 |a Rada Európskej únie 
610 2 0 |a zmennosť 
610 2 0 |a Európsky parlament 
100 1 |a Šimurka, Peter